| 000 | 00557nab a2200145Ia 4500 | ||
|---|---|---|---|
| 003 | ES-SlBCS | ||
| 005 | 20210601133736.0 | ||
| 008 | 140529s2001 xxu||||| |||| 00| 0 por d | ||
| 041 | _apor | ||
| 100 | 1 |
_aGarcía Alves Júnior, Douglas _9209036 |
|
| 245 | 0 | 0 |
_aReconciliaçao e rememoraçao da naturaleza no sujeito: Adorno e a questao da possibilidade da filosofia _c Douglas Garcia Alves Júnior |
| 600 | 1 | 4 |
_aAdorno, Theodor W.-Dialéctica Negativa _9209037 |
| 773 | 0 |
_tEducaçao e Filosofia _gvol. 15, nº. 30, 2001, págs. 117-130 _wRev1534 |
|
| 942 | _cAR | ||
| 999 |
_c601383 _d601383 |
||